[Event "Superettan(Rockaden,Umea-Kamraterna)"]
[Site "?"]
[Date "2016.03.20"]
[Round "9"]
[White "Svenn, Gosta"]
[Black "Petrov, Marijan"]
[Result "1/2-1/2"]
[WhiteElo "2301"]
[BlackElo "2465"]
[PlyCount "133"]
1. d4 c5 2. d5 g6 3. e4 Bg7 4. Nf3 d6 5. Be2 Nf6 6. Nc3 O-O 7. O-O e6 8. h3
exd5 9. exd5 Re8 10. Bg5 h6 11. Bh4 Na6 12. Qd2 Bf5 13. Bb5 Bd7 14. a4 Bxb5 15.
axb5 Nc7 16. Rfe1 g5 17. Bg3 Qd7 18. Qd3 Rxe1+ 19. Rxe1 Nh5 20. Bh2 f5 21. Nd2
Nf6 22. Nc4 f4 23. b6 axb6 24. Nxb6 Re8 25. Rxe8+ Qxe8 26. Kf1 Nd7 27. Nxd7
Qxd7 28. Qg6 Ne8 29. h4 Qf7 30. Qxf7+ Kxf7 31. hxg5 Bxc3 32. g6+ Kxg6 33. bxc3
Kf5 34. Ke2 Ke4 35. f3+ Ke5 36. Kd3 b5 37. c4 bxc4+ 38. Kxc4 Nc7 39. g3 Nxd5
40. gxf4+ Nxf4 41. Kb5 h5 42. Bg3 Kf5 43. Kc6 c4 44. Kxd6 Ne2 45. Bh4 Nd4 46.
Kd5 Nxf3 47. Bf2 Nd2 48. Kd4 Kg4 49. Ke3 Nf1+ 50. Kd4 Ng3 51. Ke3 h4 52. Bg1 h3
53. Kf2 Nh1+ 54. Kf1 Kf3 55. Bh2 Nf2 56. Bc7 Ng4 57. Kg1 h2+ 58. Kh1 c3 59. Ba5
Kg3 60. Bc7+ Kh3 61. Bb6 Nf6 62. Bc7 Ng4 63. Bb6 Ne5 64. Bd4 Ng4 65. Bb6 Kg3
66. Bc7+ Kf3 67. Ba5 1/2-1/2

[Event "Superettan(Solna-Orgryte)"]
[Site "?"]
[Date "2016.03.20"]
[Round "9"]
[White "Ziegler, Ari"]
[Black "Johansson, Gunnar"]
[Result "1-0"]
[WhiteElo "2295"]
[BlackElo "2218"]
[PlyCount "65"]
1. c4 c6 2. e4 d5 3. exd5 cxd5 4. d4 Nf6 5. Nc3 e6 6. Nf3 Bb4 7. cxd5 Nxd5 8.
Bd2 O-O 9. Bd3 Nc6 10. O-O Be7 11. Re1 Ndb4 12. Be4 Nxd4 13. Be3 Nf5 14. Qb1
Nxe3 15. Bxh7+ Kh8 16. Rxe3 f5 17. Bg6 Bc5 18. Qc1 Kg8 19. Re2 Qf6 20. Qg5 Qxg5
21. Nxg5 Rf6 22. Be8 Be7 23. Ba4 Rg6 24. Nf3 a5 25. Rd1 Ra6 26. a3 Nc6 27. Bb5
Rb6 28. Bc4 Nd8 29. Ne5 Rh6 30. Red2 Nf7 31. Na4 Rd6 32. Nxf7 Rxd2 33. Nxh6+
1-0

[Event "Superettan(Rockaden,Umea-Kamraterna)"]
[Site "?"]
[Date "2016.03.20"]
[Round "9"]
[White "Lindgren, Fredrik"]
[Black "Andreasson, Ingvar"]
[Result "0-1"]
[WhiteElo "2242"]
[BlackElo "2375"]
[PlyCount "80"]
1. d4 Nf6 2. Nf3 g6 3. c4 c5 4. g3 Bg7 5. Bg2 O-O 6. O-O d6 7. dxc5 dxc5 8.
Qxd8 Rxd8 9. Nc3 Nc6 10. Be3 Be6 11. Bxc5 Bxc4 12. Rac1 Nd7 13. Ba3 Nb6 14. b3
Bxc3 15. Rxc3 Bxe2 16. Re1 Ba6 17. Ng5 Nd4 18. Rc7 Nd5 19. Bxd5 Rxd5 20. Bb2
Ne2+ 21. Kg2 Rxg5 22. Rxe7 Nf4+ 23. Kf3 Ne6 24. Rd1 Bb5 25. g4 Bc6+ 26. Kg3 Rc5
27. h4 h5 28. Re1 hxg4 29. b4 Rf5 30. Re3 Kf8 31. R3xe6 fxe6 32. Rxe6 Rf3+ 33.
Kxg4 Bd7 34. Kxf3 Bxe6 35. a3 Kf7 36. Kf4 Rd8 37. Bc1 Rd3 38. f3 Bd5 39. Ke5
Bxf3 40. Bg5 Rxa3 0-1

[Event "Superettan(Solna-Orgryte)"]
[Site "?"]
[Date "2016.03.20"]
[Round "9"]
[White "Jonsson, Mikael"]
[Black "Eksmyr, Johan"]
[Result "0-1"]
[WhiteElo "2284"]
[BlackElo "2172"]
[PlyCount "128"]
1. d4 Nf6 2. c4 g6 3. Nc3 d5 4. cxd5 Nxd5 5. e4 Nxc3 6. bxc3 Bg7 7. Nf3 c5 8.
Be3 Qa5 9. Qd2 O-O 10. Rc1 Rd8 11. d5 Nc6 12. Be2 e6 13. O-O exd5 14. exd5 Be6
15. c4 Nb4 16. Bg5 f6 17. Bh6 Qxa2 18. Qxa2 Nxa2 19. Bxg7 Nxc1 20. Rxc1 Kxg7
21. dxe6 Re8 22. Nd2 Rad8 23. Nb1 Rxe6 24. Bf3 Rb6 25. Nc3 Rd4 26. Nb5 Rxc4 27.
Rxc4 Rxb5 28. Kf1 f5 29. Ke2 Rb2+ 30. Kd3 b6 31. Ra4 a5 32. Kc3 Rxf2 33. Ra1 g5
34. Rb1 g4 35. Bd5 f4 36. Rxb6 f3 37. gxf3 gxf3 38. h3 a4 39. Kd3 Rh2 40. Bxf3
Rxh3 41. Ke3 Rh4 42. Be4 Rh3+ 43. Kf4 Rh6 44. Rb7+ Kf6 45. Bf5 Rh4+ 46. Bg4 h5
47. Rb6+ Ke7 48. Kg5 Rxg4+ 49. Kxh5 Rb4 50. Rc6 a3 51. Ra6 Rb3 52. Kg4 Kd7 53.
Kf4 Kc7 54. Ke4 Kb7 55. Ra5 Kb6 56. Ra8 Kb5 57. Rh8 a2 58. Rb8+ Kc4 59. Ra8 Rb2
60. Ke3 Kb4 61. Rb8+ Kc3 62. Ra8 c4 63. Ra7 Kc2 64. Kd4 Kb1 0-1

[Event "Superettan(Rockaden,Umea-Kamraterna)"]
[Site "?"]
[Date "2016.03.20"]
[Round "9"]
[White "Mohammadi, Amir"]
[Black "Eriksson, Jorgen"]
[Result "1-0"]
[WhiteElo "2279"]
[BlackElo "2206"]
[PlyCount "77"]
1. e4 c5 2. Nc3 g6 3. g3 Nc6 4. Bg2 Bg7 5. d3 e6 6. Be3 Nd4 7. Qd2 Ne7 8. Nd1
d6 9. c3 Ndc6 10. Bh6 Bxh6 11. Qxh6 Ng8 12. Qd2 Nge7 13. h4 h5 14. Ne3 d5 15.
Nh3 dxe4 16. Bxe4 e5 17. Ng5 f6 18. Bxc6+ Nxc6 19. Ne4 b6 20. Nc4 Be6 21. O-O-O
Kd7 22. f4 Kc7 23. Qe3 Qe7 24. fxe5 fxe5 25. Ng5 Bd5 26. Rhe1 Rae8 27. Re2 Rhf8
28. Rde1 Rf5 29. Qd2 Bg8 30. Qc2 Kb7 31. Ne4 Bxc4 32. dxc4 Rd8 33. Rd2 Rxd2 34.
Qxd2 Kc7 35. Rd1 Rf8 36. Qh6 Qf7 37. Ng5 Qg8 38. Qxf8 Qxf8 39. Ne6+ 1-0

[Event "Superettan(Solna-Orgryte)"]
[Site "?"]
[Date "2016.03.20"]
[Round "9"]
[White "Arnelind, Mikael"]
[Black "Lundvik, Jonas"]
[Result "1/2-1/2"]
[WhiteElo "2194"]
[BlackElo "2186"]
[PlyCount "71"]
1. d4 Nf6 2. c4 e6 3. Nc3 d5 4. cxd5 exd5 5. Bg5 Be7 6. e3 O-O 7. Bd3 h6 8. Bh4
c5 9. dxc5 Bxc5 10. Nge2 Nc6 11. O-O Be7 12. Rc1 Qa5 13. Qa4 Qxa4 14. Nxa4 Rd8
15. Rfd1 Kf8 16. Bb1 g5 17. Bg3 Be6 18. Nc5 Bxc5 19. Rxc5 Ne4 20. Rcc1 Rac8 21.
Nd4 Nxd4 22. exd4 Ke7 23. Bc7 Rg8 24. Bd3 Nd6 25. Ba5 Kd7 26. Bb4 Bf5 27. Bxd6
Bxd3 28. Bc5 Bf5 29. Bxa7 Rxc1 30. Rxc1 Ra8 31. Bc5 Rxa2 32. Ba3 b5 33. Re1 b4
34. Bxb4 Rxb2 35. Bf8 h5 36. h3 1/2-1/2

[Event "Superettan(Rockaden,Umea-Kamraterna)"]
[Site "?"]
[Date "2016.03.20"]
[Round "9"]
[White "Malmstig, Erik"]
[Black "Hamark, Jesper"]
[Result "1-0"]
[WhiteElo "2278"]
[BlackElo "2325"]
[PlyCount "111"]
1. d4 d5 2. Nf3 Nf6 3. g3 Bg4 4. Nbd2 e6 5. h3 Bh5 6. g4 Bg6 7. Ne5 Nbd7 8.
Nxg6 hxg6 9. Bg2 c6 10. e3 Bd6 11. c4 Qe7 12. g5 Ng8 13. f4 O-O-O 14. c5 Bb8
15. Nf3 f6 16. O-O e5 17. b4 e4 18. Nh2 fxg5 19. b5 cxb5 20. Rb1 gxf4 21. exf4
Nh6 22. Rxb5 Nf5 23. Rf2 Qf6 24. Rb4 Qc6 25. Rfb2 Bc7 26. Rxb7 Nxd4 27. Qxd4
Qxc5 28. Be3 Qxd4 29. Bxd4 Bb6 30. Bxb6 axb6 31. Ra7 Kb8 32. Ra5 Rh5 33. Rab5
Kc7 34. Nf1 Nc5 35. Rxb6 Nd3 36. Rb7+ Kc6 37. R2b6+ Kc5 38. Ng3 Rh4 39. f5 gxf5
40. Nxf5 Rhh8 41. Rb5+ Kc4 42. a4 Kc3 43. a5 Rhf8 44. Ng3 Kd4 45. a6 Rc8 46.
Bf1 Rf3 47. Ne2+ Ke3 48. a7 Rc6 49. Rxg7 Ra6 50. Nc3 Kd4 51. Rb6 Ra1 52. Rb1
Ra6 53. Rb6 Ra1 54. Rb1 Ra6 55. Nb5+ Ke5 56. Rg8 1-0

[Event "Superettan(Solna-Orgryte)"]
[Site "?"]
[Date "2016.03.20"]
[Round "9"]
[White "Lindborg, Petter"]
[Black "Lauritzson, Peter"]
[Result "1/2-1/2"]
[WhiteElo "2210"]
[BlackElo "2098"]
[PlyCount "162"]
1. d4 Nf6 2. c4 g6 3. Nc3 d5 4. cxd5 Nxd5 5. e4 Nxc3 6. bxc3 Bg7 7. Qa4+ c6 8.
Nf3 O-O 9. Bg5 Qc7 10. Be2 e5 11. O-O Nd7 12. Rad1 b5 13. Qa3 Bb7 14. c4 exd4
15. Nxd4 a6 16. Be7 Rfe8 17. Bd6 Qc8 18. f3 c5 19. Nb3 b4 20. Qa5 f5 21. Nxc5
Nxc5 22. Bxc5 fxe4 23. Qxb4 exf3 24. Bxf3 Bxf3 25. Rxf3 Rb8 26. Bb6 Re4 27.
Rfd3 Qe6 28. Rd8+ Rxd8 29. Rxd8+ Kf7 30. Bf2 g5 31. Qd2 Bf6 32. Rd7+ Kg6 33. c5
Re2 34. Qd3+ Qe4 35. Qxe4+ Rxe4 36. Rd2 Rc4 37. h3 Kf5 38. Kf1 h5 39. Ke2 Ke4
40. Be3 g4 41. hxg4 hxg4 42. Rd6 Rc2+ 43. Bd2 Be5 44. Rxa6 Rxc5 45. Ra4+ Kf5
46. Kd3 Rd5+ 47. Ke2 Rc5 48. Ra5 Rxa5 49. Bxa5 Ke4 50. Bb6 Kd5 51. a4 Kc4 52.
Ke3 Kb4 53. a5 Kb5 54. Ke4 Bb8 55. Kf5 g3 56. Ke4 Bd6 57. Kd5 Bf4 58. Ke6 Bb8
59. Kd7 Bf4 60. Bc7 Bd2 61. Bxg3 Kxa5 62. Ke6 Kb5 63. Kf5 Kc6 64. Bf4 Ba5 65.
Ke6 Bd8 66. g4 Bh4 67. Bd6 Bg5 68. Be5 Be3 69. Bg3 Bd2 70. Bh2 Bc1 71. Kf5 Kd7
72. Bf4 Bb2 73. Kg6 Ke6 74. Bg5 Bc3 75. Kh7 Kf7 76. Bf4 Bf6 77. Bh6 Be7 78. Bg7
Bg5 79. Bh6 Be7 80. Bf4 Bf6 81. Kh6 Kg8 1/2-1/2

[Event "Superettan(Rockaden,Umea-Kamraterna)"]
[Site "?"]
[Date "2016.03.20"]
[Round "9"]
[White "Madebrink, Lars"]
[Black "Johansson, David"]
[Result "1/2-1/2"]
[WhiteElo "2215"]
[BlackElo "2144"]
[PlyCount "56"]
1. d4 Nf6 2. c4 c5 3. Nf3 e6 4. Nc3 cxd4 5. Nxd4 Bb4 6. Bd2 O-O 7. e3 Nc6 8. a3
Be7 9. Be2 b6 10. Bf3 Bb7 11. O-O Rc8 12. Ncb5 a6 13. Nc3 Qc7 14. b3 Rfd8 15.
Nxc6 Bxc6 16. e4 d5 17. cxd5 exd5 18. exd5 Nxd5 19. Nxd5 Bxd5 20. Bxd5 Rxd5 21.
Qe2 Qd7 22. Be3 b5 23. a4 Bf6 24. Ra2 Rd3 25. axb5 Qxb5 26. Qg4 Rcd8 27. Qa4
Rxb3 28. Qxa6 Qxa6 1/2-1/2

[Event "Superettan(Solna-Orgryte)"]
[Site "?"]
[Date "2016.03.20"]
[Round "9"]
[White "Aira, Johannes"]
[Black "Dalmau, Jorgen"]
[Result "1/2-1/2"]
[WhiteElo "2116"]
[BlackElo "2130"]
[PlyCount "125"]
1. e4 e5 2. f4 d5 3. exd5 exf4 4. Nf3 Nf6 5. Bc4 Nxd5 6. O-O Be7 7. d4 Be6 8.
Bxd5 Bxd5 9. Bxf4 O-O 10. Nc3 Bc4 11. Rf2 Nc6 12. d5 Nb4 13. Rd2 Bf6 14. Be5 c6
15. dxc6 Qb6+ 16. Kh1 Qxc6 17. a3 Na6 18. Rd6 Rfd8 19. Rxc6 Rxd1+ 20. Rxd1 bxc6
21. Bxf6 gxf6 22. Rd6 Rc8 23. Nd4 Nb8 24. Nf5 Re8 25. Ne4 Kf8 26. Kg1 Rxe4 27.
Rd8+ Re8 28. Rxe8+ Kxe8 29. Nd6+ Ke7 30. Nxc4 Nd7 31. Kf2 Ke6 32. Ke3 Ne5 33.
Kd4 Nd7 34. b4 h5 35. Na5 Ne5 36. Kc5 Kd7 37. Nc4 Ng6 38. g3 Ne5 39. Nd6 Ng4
40. h3 Ne3 41. c4 Nc2 42. Ne4 Ke6 43. Kxc6 Nxa3 44. c5 Nc2 45. Kb5 f5 46. Ng5+
Ke7 47. Nf3 Ne3 48. Nd4 h4 49. gxh4 f4 50. Kc6 Nc4 51. Kd5 Ne3+ 52. Ke4 f5+ 53.
Kxf4 Nd5+ 54. Kxf5 Nxb4 55. Kg6 Nd3 56. Nc6+ Kf8 57. Nxa7 Nxc5 58. Nc6 Nd3 59.
Kf6 Kg8 60. Ne7+ Kh7 61. Nd5 Kh6 62. Kf5 Kh5 63. Nf4+ 1/2-1/2

[Event "Superettan(Rockaden,Umea-Kamraterna)"]
[Site "?"]
[Date "2016.03.20"]
[Round "9"]
[White "Nygren, David"]
[Black "Borvander, Tom"]
[Result "0-1"]
[WhiteElo "2175"]
[BlackElo "2159"]
[PlyCount "182"]
1. e4 e5 2. Nf3 Nc6 3. Bb5 a6 4. Ba4 Nf6 5. O-O b5 6. Bb3 Bc5 7. c3 d6 8. d4
Bb6 9. h3 Bb7 10. Re1 O-O 11. Qd3 h6 12. Nbd2 Re8 13. a3 Na5 14. Ba2 c5 15. d5
c4 16. Qc2 Nh5 17. Nf1 Bc8 18. Be3 Bxe3 19. Rxe3 Nb7 20. b3 cxb3 21. Bxb3 Bd7
22. c4 Nc5 23. Ba2 Qf6 24. N1d2 Rec8 25. Qd1 Nf4 26. Nh2 h5 27. Qf3 Rab8 28.
Kh1 Qh6 29. h4 b4 30. Nb3 Na4 31. axb4 Rxb4 32. Na5 Rc5 33. Nc6 Bxc6 34. dxc6
Ne6 35. Qf5 Rxc6 36. c5 Naxc5 37. Nf3 Rc7 38. Ng5 Rbb7 39. Rf3 g6 40. Qf6 Nxg5
41. Qd8+ Qf8 42. Qxg5 Kh7 43. Bd5 Rb4 44. Re1 Rd4 45. Rf6 Qh6 46. Rxd6 Qxg5 47.
hxg5 Nd3 48. Rf1 Nf4 49. Rb1 Nxd5 50. exd5 Rc5 51. Rf6 Kg7 52. d6 Rc6 53. d7
Rxf6 54. gxf6+ Kxf6 55. Rb6+ Ke7 56. Rxa6 Rxd7 57. Kh2 Rd6 58. Ra8 Ke6 59. Rf8
Rd2 60. Kg3 Kf5 61. Ra8 f6 62. Ra3 Rd4 63. Rb3 Kg5 64. Ra3 f5 65. Ra6 Rd2 66.
f3 Re2 67. Rb6 h4+ 68. Kh3 Re1 69. Kh2 e4 70. Re6 Re2 71. f4+ Kh5 72. Re8 Rd2
73. Kh3 Rd3+ 74. Kh2 Rg3 75. Rh8+ Kg4 76. Rh6 Kxf4 77. Rxh4+ Rg4 78. Rh8 g5 79.
Kg1 Rg3 80. Kh2 Rd3 81. Re8 Kg4 82. Re7 e3 83. Re8 f4 84. Re7 Rd5 85. Re8 Kf5
86. Rf8+ Ke4 87. Kg1 Rd1+ 88. Kh2 e2 89. Re8+ Kd3 90. Rd8+ Ke3 91. Re8+ Kf2 0-1

[Event "Superettan(Solna-Orgryte)"]
[Site "?"]
[Date "2016.03.20"]
[Round "9"]
[White "Steneskog, Per"]
[Black "Fransson, Patrick"]
[Result "0-1"]
[WhiteElo "2176"]
[BlackElo "2108"]
[PlyCount "60"]
1. d4 d5 2. c4 c6 3. Nc3 Nf6 4. Nf3 e6 5. Bg5 Be7 6. e3 O-O 7. Qc2 Nbd7 8. Bd3
dxc4 9. Bxc4 b5 10. Bd3 h6 11. Bh4 Bb7 12. O-O b4 13. Na4 Qa5 14. Rac1 c5 15.
Ne5 g5 16. Bg3 Rac8 17. Nc4 Qd8 18. dxc5 Nxc5 19. Nxc5 Rxc5 20. Rfd1 Qc8 21.
Qd2 Rd8 22. Qxb4 Qc6 23. f3 g4 24. e4 gxf3 25. gxf3 Rxd3 26. Rxd3 Nxe4 27. Rf1
Nxg3 28. hxg3 Qc7 29. Ne3 Qxg3+ 30. Ng2 Rg5 0-1

[Event "Superettan(Vasteras II-Schack 08)"]
[Site "?"]
[Date "2016.03.20"]
[Round "9"]
[White "Ingbrant, Johan"]
[Black "Eriksson, Anders"]
[Result "1-0"]
[WhiteElo "2369"]
[BlackElo "2271"]
[PlyCount "65"]
1. b3 c5 2. Bb2 Nc6 3. Nf3 d6 4. d4 cxd4 5. Nxd4 e5 6. Nxc6 bxc6 7. g3 Be6 8.
Bg2 Qd7 9. O-O Nh6 10. c4 f6 11. Qd2 Be7 12. Qa5 O-O 13. Nc3 Bh3 14. Rad1 Bxg2
15. Kxg2 Rfd8 16. Rd2 Qb7 17. Kg1 Rd7 18. Rfd1 Rad8 19. Ba3 Nf7 20. b4 a6 21.
b5 axb5 22. cxb5 Ra8 23. bxc6 Qxc6 24. Qb5 Qxb5 25. Nxb5 Ra5 26. Rd5 g6 27.
R1d2 Kg7 28. Bb4 Ra6 29. a3 f5 30. f4 exf4 31. gxf4 Rb7 32. Rc2 Kf6 33. Nc7 1-0

[Event "Superettan(Rockaden,Sthlm II-Vaxjo)"]
[Site "?"]
[Date "2016.03.20"]
[Round "9"]
[White "Carstensen, Jacob"]
[Black "Hedman, Erik"]
[Result "1/2-1/2"]
[WhiteElo "2354"]
[BlackElo "2349"]
[PlyCount "21"]
1. d4 Nf6 2. c4 g6 3. Nc3 Bg7 4. e4 O-O 5. Nf3 d6 6. Be2 c5 7. d5 e6 8. h3 exd5
9. cxd5 Re8 10. Nd2 Na6 11. O-O 1/2-1/2

[Event "Superettan(Vasteras II-Schack 08)"]
[Site "?"]
[Date "2016.03.20"]
[Round "9"]
[White "Bergstrom, Peter"]
[Black "Laveryd, Peter"]
[Result "1-0"]
[WhiteElo "2278"]
[BlackElo "2386"]
[PlyCount "67"]
1. e4 Nc6 2. Nf3 d6 3. Nc3 Nf6 4. d4 Bg4 5. Be3 d5 6. e5 Ne4 7. Nxe4 dxe4 8. h3
Bh5 9. g4 Bg6 10. Nh4 e6 11. Nxg6 hxg6 12. Bg2 Qd5 13. c3 f5 14. exf6 gxf6 15.
f3 exf3 16. Bxf3 Qc4 17. Qc2 f5 18. b3 Qa6 19. O-O-O O-O-O 20. Kb1 Re8 21. h4
Ne7 22. Bf4 fxg4 23. Bxg4 Nf5 24. h5 Bd6 25. hxg6 Rxh1 26. Rxh1 Bxf4 27. Bxf5
exf5 28. Qxf5+ Kb8 29. Qe4 Rg8 30. g7 Bh6 31. Qh7 Qe6 32. Rxh6 Qe1+ 33. Kb2
Qe2+ 34. Ka3 1-0

[Event "Superettan(Upsala-Malmo)"]
[Site "?"]
[Date "2016.03.20"]
[Round "9"]
[White "Thorgeirsson, Sverrir"]
[Black "Jobava, Baadur"]
[Result "0-1"]
[WhiteElo "2283"]
[BlackElo "2673"]
[PlyCount "52"]
1. d4 Nf6 2. Nf3 g6 3. e3 Bg7 4. Be2 O-O 5. O-O b6 6. b3 a5 7. a4 Bb7 8. Bb2 d6
9. Nbd2 Nc6 10. Re1 Nd7 11. e4 e5 12. dxe5 Ncxe5 13. Nxe5 Bxe5 14. Bxe5 dxe5
15. Bf3 Qe7 16. Qc1 Rfd8 17. Nc4 Nc5 18. Qb2 Rd4 19. Rad1 Rad8 20. Rxd4 Rxd4
21. Ne3 Bxe4 22. Bxe4 Nxe4 23. f3 Qb4 24. Qc1 Nc3 25. Ng4 Rd1 26. Qe3 Ne2+ 0-1

[Event "Superettan(Rockaden,Sthlm II-Vaxjo)"]
[Site "?"]
[Date "2016.03.20"]
[Round "9"]
[White "Berovski, Krum"]
[Black "Rydstrom, Tom"]
[Result "1-0"]
[WhiteElo "2316"]
[BlackElo "2307"]
[PlyCount "81"]
1. d4 d5 2. c4 c6 3. cxd5 cxd5 4. Nc3 Nc6 5. Bf4 Nf6 6. e3 e6 7. Nf3 Be7 8. h3
O-O 9. Bd3 Bd7 10. O-O Rc8 11. Rc1 Na5 12. Ne5 Be8 13. Qe2 Nd7 14. Nb5 Nxe5 15.
Rxc8 Qxc8 16. Bxe5 Nc6 17. Rc1 Qd7 18. Bg3 f6 19. a3 Bf7 20. Nxa7 Nxa7 21. Rc7
Qd8 22. Rxb7 Nc6 23. Bxh7+ Kh8 24. Bb1 Be8 25. b4 Qa8 26. Rb6 f5 27. b5 Qd8 28.
Ra6 Na5 29. Rxe6 Bxa3 30. Ra6 Bb4 31. b6 Qc8 32. Bd3 Nc4 33. Bxc4 dxc4 34. Ra7
Qc6 35. b7 Bd6 36. b8=Q Bxb8 37. Bxb8 Qb6 38. Ra8 c3 39. Be5 Bc6 40. Ra6 Qd8
41. Ra2 1-0

[Event "Superettan(Vasteras II-Schack 08)"]
[Site "?"]
[Date "2016.03.20"]
[Round "9"]
[White "Renman, Nils-Gustaf"]
[Black "Norberg, Erik"]
[Result "1/2-1/2"]
[WhiteElo "2343"]
[BlackElo "2232"]
[PlyCount "49"]
1. d4 g6 2. Nf3 Bg7 3. c4 Nf6 4. Nc3 d6 5. e4 O-O 6. Be3 e5 7. dxe5 dxe5 8.
Qxd8 Rxd8 9. Nd5 Nxd5 10. cxd5 c6 11. Bc4 b5 12. Bb3 Bb7 13. O-O-O cxd5 14.
Bxd5 Bxd5 15. Rxd5 Rxd5 16. exd5 Nd7 17. Kb1 e4 18. Nd4 a6 19. Nc6 f5 20. Rd1
Kf7 21. Bd4 Bxd4 22. Rxd4 Nb6 23. b3 Rc8 24. Nb4 a5 25. Nc6 1/2-1/2

[Event "Superettan(Upsala-Malmo)"]
[Site "?"]
[Date "2016.03.20"]
[Round "9"]
[White "Nilsson, Anders"]
[Black "Johansson, Thomas"]
[Result "1-0"]
[WhiteElo "2236"]
[BlackElo "2219"]
[PlyCount "163"]
1. d4 d5 2. Bf4 Nf6 3. e3 e6 4. Nf3 Bd6 5. Bg3 Bxg3 6. hxg3 c5 7. c3 Qb6 8. Qb3
Nc6 9. Nbd2 Bd7 10. Qa3 cxd4 11. exd4 Qa5 12. Qd6 Rc8 13. Bd3 Qb6 14. Qa3 Qa5
15. Qd6 Qb6 16. Qa3 Qa5 17. Qb3 Qb6 18. Qxb6 axb6 19. O-O Ra8 20. a3 Ke7 21.
Rae1 Na7 22. Ne5 Bb5 23. Re3 Bxd3 24. Rxd3 Nb5 25. g4 h6 26. Rf3 Nd6 27. Re1 b5
28. Rfe3 Rhe8 29. f3 Nc4 30. Nexc4 bxc4 31. Nf1 Ra6 32. R3e2 Rb6 33. Ne3 Rc8
34. Rb1 Kf8 35. Nc2 Rd6 36. Kf2 Nd7 37. Rh1 Kg8 38. Rh5 Nf6 39. Rh1 Rb6 40. Nb4
Rd6 41. Kg3 Nh7 42. Ree1 Rcd8 43. Ra1 Ng5 44. Rhe1 R6d7 45. a4 Ra8 46. a5 Ra7
47. Ra3 Rd8 48. a6 Rd7 49. axb7 Raxb7 50. Ra8+ Kh7 51. Rea1 Rb6 52. Re8 Kg6 53.
Rc8 Rdb7 54. Raa8 f6 55. Re8 Rd7 56. Kf2 Rbb7 57. Ke3 Ra7 58. Rab8 Rab7 59.
Rbc8 Rbc7 60. Rxc7 Rxc7 61. f4 Kf7 62. Rd8 Ne4 63. f5 Re7 64. fxe6+ Rxe6 65.
Kf3 Nd2+ 66. Kf2 Ne4+ 67. Kg1 Ng3 68. Nxd5 Re2 69. Kh2 Nf1+ 70. Kg1 Ng3 71. Rc8
Rxb2 72. Rc7+ Kg6 73. Rxc4 Kg5 74. Ne7 Re2 75. Nf5 Kxg4 76. Nxg3 Kxg3 77. Kf1
Rf2+ 78. Ke1 Rxg2 79. d5 Rf2 80. d6 Rf5 81. d7 Re5+ 82. Kd2 1-0

[Event "Superettan(Rockaden,Sthlm II-Vaxjo)"]
[Site "?"]
[Date "2016.03.20"]
[Round "9"]
[White "Olofsson-Dolk, Mattis"]
[Black "Todorovic, Zoran"]
[Result "0-1"]
[WhiteElo "2263"]
[BlackElo "2076"]
[PlyCount "54"]
1. e4 c5 2. Nf3 d6 3. d4 cxd4 4. Nxd4 Nf6 5. Nc3 g6 6. Be3 Bg7 7. f3 Nc6 8. Qd2
O-O 9. Bc4 Bd7 10. Bb3 Qa5 11. O-O-O Rfc8 12. Kb1 Ne5 13. g4 Nc4 14. Bxc4 Rxc4
15. Nb3 Qa6 16. h4 Be6 17. h5 Rac8 18. hxg6 fxg6 19. Bd4 b5 20. Qh2 b4 21. Bxf6
Bxf6 22. Qxh7+ Kf8 23. Nd5 Bxd5 24. exd5 Rxc2 25. Nd4 Rxb2+ 26. Kxb2 Qe2+ 27.
Ka1 Rc1+ 0-1

[Event "Superettan(Vasteras II-Schack 08)"]
[Site "?"]
[Date "2016.03.20"]
[Round "9"]
[White "Landgren, Andreas"]
[Black "Ottenklev, Niclas"]
[Result "1/2-1/2"]
[WhiteElo "2253"]
[BlackElo "2204"]
[PlyCount "100"]
1. d4 d5 2. c4 e6 3. Nc3 c6 4. Nf3 Nf6 5. e3 Nbd7 6. Qc2 Bd6 7. Bd3 dxc4 8.
Bxc4 b5 9. Bd3 Bb7 10. a3 Qe7 11. O-O O-O 12. Ng5 h6 13. Nge4 Bc7 14. f4 a6 15.
b4 a5 16. Rb1 axb4 17. axb4 Nd5 18. Nc5 Nxc5 19. dxc5 Nxc3 20. Qxc3 e5 21. Qc2
exf4 22. exf4 Rfe8 23. Bb2 Rad8 24. Rf3 f6 25. Bc3 Bc8 26. f5 Be5 27. Re1 Qc7
28. Bxe5 Rxe5 29. Rfe3 Rde8 30. Rxe5 Rxe5 31. Rxe5 Qxe5 32. Be4 Bxf5 33. Qa2+
Kh7 34. Bxf5+ Qxf5 35. h3 Qe4 36. Qd2 f5 37. Kh1 f4 38. Qc3 h5 39. Kh2 Kh6 40.
Qd2 Kh7 41. Qd1 g6 42. Qd2 Kh6 43. Kh1 Qe3 44. Qd8 Qe4 45. Qh8+ Kg5 46. Qd8+
Kf5 47. Qf8+ Ke5 48. Qd6+ Kf5 49. Qf8+ Kg5 50. Qd8+ Kf5 1/2-1/2

[Event "Superettan(Upsala-Malmo)"]
[Site "?"]
[Date "2016.03.20"]
[Round "9"]
[White "Burwick, Malte"]
[Black "Reimanis, Ritvars"]
[Result "0-1"]
[WhiteElo "2234"]
[BlackElo "2183"]
[PlyCount "136"]
1. Nf3 Nf6 2. g3 g6 3. Bg2 Bg7 4. O-O O-O 5. c4 c6 6. d4 d5 7. cxd5 cxd5 8. Nc3
Nc6 9. Ne5 Bf5 10. Nxc6 bxc6 11. Bf4 Rc8 12. Rc1 Nd7 13. Na4 e5 14. dxe5 Nxe5
15. b3 Re8 16. Qd2 Nd7 17. Bg5 Nf6 18. Rfe1 Qc7 19. Nc5 Qb6 20. Na4 Qc7 21. Bf4
Qe7 22. Nc5 Nd7 23. Nxd7 Qxd7 24. b4 Qb7 25. Be3 Qa6 26. Rc5 Qa3 27. Bd4 Bxd4
28. Qxd4 Qxa2 29. g4 Be6 30. e3 Qb3 31. h3 Rb8 32. Rxc6 Qxb4 33. Qxb4 Rxb4 34.
Ra6 Re7 35. Rd6 a5 36. Ra6 Ra4 37. Rd1 Rd7 38. Rd4 Ra2 39. Bf3 Kf8 40. Bd1 Rc7
41. Kg2 Rc4 42. Bb3 Rxd4 43. Bxa2 Ra4 44. Bb3 Ra3 45. Bd1 Ke7 46. h4 Ra1 47.
Bb3 h6 48. g5 h5 49. e4 d4 50. Bxe6 fxe6 51. e5 d3 52. Rd6 Rd1 53. Rd4 Ke8 54.
Kf3 Rh1 55. Kg2 Re1 56. Rxd3 Rxe5 57. Rd6 Re4 58. Kg3 Ke7 59. Ra6 a4 60. Ra7+
Kd6 61. Rg7 Rg4+ 62. Kh3 Rb4 63. Rxg6 a3 64. Rg8 Ra4 65. Rd8+ Kc5 66. Rd1 a2
67. Ra1 Kb4 68. g6 Kb3 0-1

[Event "Superettan(Rockaden,Sthlm II-Vaxjo)"]
[Site "?"]
[Date "2016.03.20"]
[Round "9"]
[White "Bit-Narva, David"]
[Black "Lindahl, Emil"]
[Result "0-1"]
[WhiteElo "2096"]
[BlackElo "2229"]
[PlyCount "62"]
1. e4 c5 2. Nf3 e6 3. c3 d5 4. e5 d4 5. Bd3 Nc6 6. O-O Nge7 7. Na3 Ng6 8. Re1
Be7 9. cxd4 cxd4 10. Nc2 O-O 11. Bxg6 hxg6 12. d3 b6 13. Re4 Bb7 14. h4 Qc7 15.
Ncxd4 Nxd4 16. Rxd4 Bxf3 17. Qxf3 Qxe5 18. Be3 Bc5 19. Re4 Qxb2 20. Re1 Rad8
21. Bxc5 bxc5 22. h5 gxh5 23. Qxh5 Rd5 24. Qh3 g6 25. Rh4 Qg7 26. Re3 Rfd8 27.
Ra4 Qc3 28. Rh4 Rxd3 29. Rxd3 Rxd3 30. g3 Qe5 31. Rf4 Qxf4 0-1

[Event "Superettan(Vasteras II-Schack 08)"]
[Site "?"]
[Date "2016.03.20"]
[Round "9"]
[White "Schutz, Ingemar"]
[Black "Janse, Rasmus"]
[Result "1-0"]
[WhiteElo "2213"]
[BlackElo "2214"]
[PlyCount "79"]
1. e4 e6 2. d4 d5 3. Nc3 Bb4 4. e5 c5 5. a3 Bxc3+ 6. bxc3 Ne7 7. Nf3 Nbc6 8. a4
Qa5 9. Qd2 c4 10. g3 f6 11. Bh3 fxe5 12. Nxe5 Nxe5 13. dxe5 Bd7 14. Ba3 Nc6 15.
O-O O-O-O 16. Qe3 g5 17. Bd6 h5 18. Rfb1 g4 19. Rb5 Qa6 20. Bf1 Rdg8 21. Rab1
b6 22. R5b2 Be8 23. Bg2 Bg6 24. Qf4 Qb7 25. Rb5 Bxc2 26. R1b2 Bxa4 27. Rc5 Qd7
28. Rxc4 dxc4 29. Qxc4 b5 30. Qc5 b4 31. Rxb4 Kd8 32. Rxa4 Nxe5 33. Rxa7 Ke8
34. Rxd7 Nxd7 35. Qc8+ Kf7 36. Qxd7+ Kf6 37. Be7+ Kf5 38. Qd3+ Ke5 39. Qd4+ Kf5
40. Be4# 1-0

[Event "Superettan(Upsala-Malmo)"]
[Site "?"]
[Date "2016.03.20"]
[Round "9"]
[White "Gajic, Mladen"]
[Black "Malm Lindberg, Henrik"]
[Result "0-1"]
[WhiteElo "2251"]
[BlackElo "2223"]
[PlyCount "126"]
1. e4 c5 2. c3 Nf6 3. e5 Nd5 4. Nf3 e6 5. g3 d6 6. exd6 Bxd6 7. Bg2 Nc6 8. O-O
O-O 9. d3 b6 10. a4 Bb7 11. Na3 Re8 12. Qe2 e5 13. Nc4 Bf8 14. Rd1 Qc7 15. Ng5
Nf6 16. Ne3 Nd4 17. Qf1 Nb3 18. Rb1 Rad8 19. Ne4 Nd5 20. Qe2 Nxc1 21. Rbxc1 Qd7
22. Ra1 f5 23. Bh3 Nxe3 24. fxe3 Qf7 25. Rf1 g6 26. c4 Qe7 27. Nc3 e4 28. dxe4
Bxe4 29. Rad1 Bh6 30. Rfe1 Bc6 31. Rxd8 Qxd8 32. Rd1 Qe7 33. e4 fxe4 34. Bg2
Bg7 35. Nd5 Bxd5 36. cxd5 Bd4+ 37. Kh1 Qe5 38. Re1 Bxb2 39. Qxe4 Qxe4 40. Rxe4
Rxe4 41. Bxe4 Kf7 42. Kg2 Kf6 43. Kf3 Ke5 44. g4 c4 45. h4 a6 46. h5 b5 47.
hxg6 hxg6 48. axb5 axb5 49. Bxg6 Kxd5 50. Ke3 Bc1+ 51. Ke2 b4 52. Kd1 Bg5 53.
Kc2 Kd4 54. Bf7 Kc5 55. Be6 Bf6 56. Bf7 b3+ 57. Kb1 Kb4 58. Be6 c3 59. Bf5 Bg5
60. Bg6 Kc5 61. Bh7 Kd4 62. Bg6 Ke3 63. Bh7 Kd2 0-1